<?xml version="1.0" encoding="UTF-8"?>
<record
    xmlns:xsi="http://www.w3.org/2001/XMLSchema-instance"
    xsi:schemaLocation="http://www.loc.gov/MARC21/slim http://www.loc.gov/standards/marcxml/schema/MARC21slim.xsd"
    xmlns="http://www.loc.gov/MARC21/slim">

  <leader>04435nam0a22005891  4500</leader>
  <controlfield tag="001">RU\NLR\A1\8113</controlfield>
  <controlfield tag="005">20260406110341.0</controlfield>
  <datafield tag="035" ind1=" " ind2=" ">
    <subfield code="a">(NLR Aleph) 009673256</subfield>
  </datafield>
  <datafield tag="090" ind1=" " ind2=" ">
    <subfield code="a">9671489</subfield>
    <subfield code="c">9671489</subfield>
  </datafield>
  <datafield tag="100" ind1=" " ind2=" ">
    <subfield code="a">19980514d1793    a  y0rusy50      ca</subfield>
  </datafield>
  <datafield tag="101" ind1="0" ind2=" ">
    <subfield code="a">rus</subfield>
  </datafield>
  <datafield tag="102" ind1=" " ind2=" ">
    <subfield code="a">RU</subfield>
  </datafield>
  <datafield tag="135" ind1=" " ind2=" ">
    <subfield code="a">crcn 024anaba</subfield>
  </datafield>
  <datafield tag="140" ind1=" " ind2=" ">
    <subfield code="a">y   y    kc        yaa0000  </subfield>
  </datafield>
  <datafield tag="200" ind1="1" ind2=" ">
    <subfield code="a">&#x41A;&#x440;&#x430;&#x442;&#x43A;&#x438;&#x44F; &#x43F;&#x440;&#x430;&#x432;&#x438;&#x43B;&#x430; &#x440;&#x43E;&#x441;&#x441;&#x438;&#x439;&#x441;&#x43A;&#x43E;&#x439; &#x433;&#x440;&#x430;&#x43C;&#x43C;&#x430;&#x442;&#x438;&#x43A;&#x438;,</subfield>
    <subfield code="e">&#x441;&#x43E;&#x431;&#x440;&#x430;&#x43D;&#x43D;&#x44B;&#x44F; &#x438;&#x437; &#x440;&#x430;&#x437;&#x43D;&#x44B;&#x445; &#x440;&#x43E;&#x441;&#x441;&#x438;&#x439;&#x441;&#x43A;&#x438;&#x445; &#x433;&#x440;&#x430;&#x43C;&#x43C;&#x430;&#x442;&#x438;&#x43A;</subfield>
    <subfield code="e">&#x432; &#x43F;&#x43E;&#x43B;&#x44C;&#x437;&#x443; &#x43E;&#x431;&#x443;&#x447;&#x430;&#x44E;&#x449;&#x430;&#x433;&#x43E;&#x441;&#x44F; &#x44E;&#x43D;&#x43E;&#x448;&#x435;&#x441;&#x442;&#x432;&#x430; &#x432; &#x433;&#x438;&#x43C;&#x43D;&#x430;&#x437;&#x438;&#x44F;&#x445; &#x418;&#x43C;&#x43F;&#x435;&#x440;&#x430;&#x442;&#x43E;&#x440;&#x441;&#x43A;&#x430;&#x433;&#x43E; &#x41C;&#x43E;&#x441;&#x43A;&#x43E;&#x432;&#x441;&#x43A;&#x430;&#x433;&#x43E; &#x443;&#x43D;&#x438;&#x432;&#x435;&#x440;&#x441;&#x438;&#x442;&#x435;&#x442;&#x430;</subfield>
  </datafield>
  <datafield tag="205" ind1=" " ind2=" ">
    <subfield code="a">&#x418;&#x437;&#x434;&#x430;&#x43D;&#x438;&#x435; &#x441;&#x435;&#x434;&#x44C;&#x43C;&#x43E;&#x435;</subfield>
    <subfield code="b">&#x441; &#x443;&#x43C;&#x43D;&#x43E;&#x436;&#x435;&#x43D;&#x438;&#x435;&#x43C; &#x438; &#x43F;&#x440;&#x438;&#x431;&#x430;&#x432;&#x43B;&#x435;&#x43D;&#x438;&#x435;&#x43C;</subfield>
  </datafield>
  <datafield tag="210" ind1=" " ind2=" ">
    <subfield code="a">&#x412; &#x41C;&#x43E;&#x441;&#x43A;&#x432;&#x435;</subfield>
    <subfield code="c">&#x43F;&#x435;&#x447;&#x430;&#x442;&#x430;&#x43D;&#x430; &#x432; &#x412;&#x43E;&#x43B;&#x44C;&#x43D;&#x43E;&#x439; &#x442;&#x438;&#x43F;&#x43E;&#x433;&#x440;&#x430;&#x444;&#x438;&#x438; &#x43F;&#x440;&#x438; &#x442;&#x435;&#x430;&#x442;&#x440;&#x435; &#x443; &#x425;&#x440;&#x438;&#x441;&#x442;&#x43E;&#x444;&#x43E;&#x440;&#x430; &#x41A;&#x43B;&#x430;&#x443;&#x434;&#x438;&#x44F;</subfield>
    <subfield code="d">1793</subfield>
  </datafield>
  <datafield tag="215" ind1=" " ind2=" ">
    <subfield code="a">112 &#x441;.</subfield>
    <subfield code="d">12&#xB0;</subfield>
  </datafield>
  <datafield tag="314" ind1=" " ind2=" ">
    <subfield code="a">&#x410;&#x432;&#x442;&#x43E;&#x440;&#x441;&#x442;&#x432;&#x43E; &#x43F;&#x440;&#x438;&#x43F;&#x438;&#x441;&#x44B;&#x432;&#x430;&#x43B;&#x43E;&#x441;&#x44C; &#x410;. &#x410;. &#x411;&#x430;&#x440;&#x441;&#x43E;&#x432;&#x443;</subfield>
  </datafield>
  <datafield tag="316" ind1=" " ind2=" ">
    <subfield code="a">&#x42D;&#x43A;&#x437;. &#x420;&#x41D;&#x411; (18.78.6.9) &#x432; &#x446;&#x435;&#x43B;&#x44C;&#x43D;&#x43E;&#x43A;&#x43E;&#x436;&#x430;&#x43D;&#x43E;&#x43C; &#x43A;&#x43E;&#x440;&#x438;&#x447;&#x43D;&#x435;&#x432;&#x43E;&#x43C; &#x43F;&#x435;&#x440;. &#x41D;&#x430; &#x43D;&#x438;&#x436;&#x43D;&#x435;&#x439; &#x43A;&#x440;&#x44B;&#x448;&#x43A;&#x435; &#x43F;&#x435;&#x440;. &#x44D;&#x43A;&#x441;&#x43B;&#x438;&#x431;&#x440;&#x438;&#x441; &#x440;&#x443;&#x441;. &#x444;&#x43E;&#x43D;&#x434;&#x430; &#x413;&#x41F;&#x411; &#x441; &#x448;&#x438;&#x444;&#x440;&#x43E;&#x43C;. &#x41D;&#x430; &#x43A;&#x43E;&#x440;&#x435;&#x448;&#x43A;&#x435; 4 &#x431;&#x438;&#x43D;&#x442;&#x430;, &#x437;&#x43E;&#x43B;&#x43E;&#x442;&#x43E;&#x435; &#x442;&#x438;&#x441;&#x43D;&#x435;&#x43D;&#x438;&#x435;, &#x437;&#x43E;&#x43B;&#x43E;&#x442;&#x43E;&#x43C; &#x432;&#x44B;&#x442;&#x438;&#x441;&#x43D;&#x435;&#x43D;&#x43E;: "&#x41F;&#x440;&#x430;&#x432; &#x440;&#x43E;&#x441;&#x441; &#x433;&#x440;&#x430;&#x43C;" (&#x43F;&#x43E;&#x437;&#x43E;&#x43B;&#x43E;&#x442;&#x430; &#x43F;&#x440;&#x430;&#x43A;&#x442;&#x438;&#x447;&#x435;&#x441;&#x43A;&#x438; &#x43F;&#x43E;&#x43B;&#x43D;&#x43E;&#x441;&#x442;&#x44C;&#x44E; &#x443;&#x442;&#x440;&#x430;&#x447;&#x435;&#x43D;&#x430;), &#x43A;&#x43E;&#x440;&#x435;&#x448;&#x43E;&#x43A; &#x441;&#x432;&#x435;&#x440;&#x445;&#x443; &#x43E;&#x431;&#x43E;&#x440;&#x432;&#x430;&#x43D;. &#x41E;&#x431;&#x440;&#x435;&#x437; &#x43A;&#x440;&#x430;&#x43F;&#x447;&#x430;&#x442;&#x44B;&#x439; &#x43A;&#x440;&#x430;&#x441;. &#x41D;&#x430; &#x444;&#x43E;&#x440;&#x437;&#x430;&#x446;&#x435; &#x44F;&#x440;&#x43B;&#x44B;&#x43A; &#x441; &#x448;&#x438;&#x444;&#x440;&#x43E;&#x43C; &#x420;&#x41D;&#x411;, &#x43F;&#x43E;&#x43C;&#x435;&#x442;&#x44B;, &#x43B;&#x435;&#x432;&#x430;&#x44F; &#x441;&#x442;&#x43E;&#x440;&#x43E;&#x43D;&#x430; &#x444;&#x43E;&#x440;&#x437;&#x430;&#x446;&#x430; &#x43E;&#x431;&#x43E;&#x440;&#x432;&#x430;&#x43D;&#x430;, &#x43F;&#x440;&#x430;&#x432;&#x430;&#x44F; &#x441;&#x442;&#x43E;&#x440;&#x43E;&#x43D;&#x430; &#x444;&#x43E;&#x440;&#x437;&#x430;&#x446;&#x430; &#x443;&#x442;&#x440;&#x430;&#x447;&#x435;&#x43D;&#x430;. &#x41D;&#x430;&#x445;&#x437;&#x430;&#x446; &#x443;&#x442;&#x440;&#x430;&#x447;&#x435;&#x43D;. &#x422;&#x438;&#x442;. &#x43B;. &#x43E;&#x442;&#x445;&#x43E;&#x434;&#x438;&#x442; &#x43E;&#x442; &#x43A;&#x43D;. &#x431;&#x43B;&#x43E;&#x43A;&#x430;. &#x41D;&#x430; &#x442;&#x438;&#x442;. &#x43B;., &#x441;.3, 112 &#x43A;&#x440;&#x443;&#x433;&#x43B;&#x44B;&#x439; &#x448;&#x442;&#x430;&#x43C;&#x43F; &#x413;&#x41F;&#x411;. &#x41B;&#x438;&#x441;&#x442; &#x441;&#x43E; &#x441;.11-12 &#x43E;&#x431;&#x43E;&#x440;&#x432;&#x430;&#x43D;. &#x41D;&#x430; &#x441;.12, 15, 24 &#x43F;&#x43E;&#x43C;&#x435;&#x442;&#x44B; &#x441;&#x43E;&#x434;&#x435;&#x440;&#x436;. &#x445;&#x430;&#x440;&#x430;&#x43A;&#x442;&#x435;&#x440;&#x430;. &#x41D;&#x430; &#x441;.112 &#x442;&#x435;&#x445;&#x43D;. &#x43F;&#x43E;&#x43C;&#x435;&#x442;&#x44B; (&#x447;&#x435;&#x440;&#x43D;&#x438;&#x43B;&#x430;). &#x418;&#x43C;&#x435;&#x44E;&#x442;&#x441;&#x44F; &#x43F;&#x44F;&#x442;&#x43D;&#x430; &#x43D;&#x430; &#x43A;&#x43D;. &#x431;&#x43B;&#x43E;&#x43A;&#x435;. &#x420;&#x430;&#x437;&#x43C;&#x435;&#x440;: 18,5x11,4x1,5 &#x441;&#x43C;</subfield>
    <subfield code="5">NLR: 18.78.6.9</subfield>
  </datafield>
  <datafield tag="317" ind1=" " ind2=" ">
    <subfield code="a">&#x412; &#x44D;&#x43A;&#x437;. &#x420;&#x41D;&#x411; (18.78.6.9) &#x43D;&#x430; &#x442;&#x438;&#x442;. &#x43B;. &#x432;&#x43B;&#x430;&#x434;&#x435;&#x43B;&#x44C;&#x447;. &#x437;&#x430;&#x43F;&#x438;&#x441;&#x44C;: "&#x438;&#x437; &#x43A;&#x43D;&#x438;&#x433; &#x410;&#x43B;&#x435;&#x43A;&#x441;&#x430;&#x43D;&#x434;&#x440;&#x430; &#x41D;&#x435;&#x443;&#x441;&#x442;&#x440;&#x43E;&#x435;&#x432;&#x430;" (&#x447;&#x435;&#x440;&#x43D;&#x438;&#x43B;&#x430;). &#x41D;&#x430; &#x43E;&#x431;&#x43E;&#x440;&#x43E;&#x442;&#x435; &#x442;&#x438;&#x442;. &#x43B;. &#x432;&#x43B;&#x430;&#x434;&#x435;&#x43B;&#x44C;&#x447;. &#x437;&#x430;&#x43F;&#x438;&#x441;&#x44C;: "&#x418;&#x437; &#x43A;&#x43D;&#x438;&#x433; &#x41F;&#x430;&#x432;&#x43B;&#x430; &#x414;&#x44C;&#x44F;&#x43A;&#x43E;&#x43D;&#x43E;&#x432;&#x430;" (&#x447;&#x435;&#x440;&#x43D;&#x438;&#x43B;&#x430;)</subfield>
    <subfield code="5">NLR: 18.78.6.9</subfield>
  </datafield>
  <datafield tag="317" ind1=" " ind2=" ">
    <subfield code="a">&#x42D;&#x43A;&#x437;. &#x424;&#x411; &#x420;&#x413;&#x41F;&#x423; &#x438;&#x437; &#x441;&#x43E;&#x431;&#x440;&#x430;&#x43D;&#x438;&#x44F; &#x424;. &#x410;. &#x412;&#x438;&#x442;&#x431;&#x435;&#x440;&#x433;&#x430;</subfield>
    <subfield code="5">&#x424;&#x411; &#x420;&#x413;&#x41F;&#x423;</subfield>
  </datafield>
  <datafield tag="321" ind1="1" ind2=" ">
    <subfield code="a">&#x421;&#x41A; XVIII 3238</subfield>
  </datafield>
  <datafield tag="325" ind1=" " ind2=" ">
    <subfield code="a">&#x41A;&#x43E;&#x43F;&#x438;&#x44F; &#x434;&#x43E;&#x441;&#x442;&#x443;&#x43F;&#x43D;&#x430; &#x432; &#x42D;&#x43B;&#x435;&#x43A;&#x442;&#x440;&#x43E;&#x43D;. &#x431;-&#x43A;&#x435; &#x420;&#x41D;&#x411;</subfield>
  </datafield>
  <datafield tag="518" ind1="1" ind2=" ">
    <subfield code="a">&#x41A;&#x440;&#x430;&#x442;&#x43A;&#x438;&#x435; &#x43F;&#x440;&#x430;&#x432;&#x438;&#x43B;&#x430; &#x440;&#x43E;&#x441;&#x441;&#x438;&#x439;&#x441;&#x43A;&#x43E;&#x439; &#x433;&#x440;&#x430;&#x43C;&#x43C;&#x430;&#x442;&#x438;&#x43A;&#x438;</subfield>
  </datafield>
  <datafield tag="620" ind1=" " ind2=" ">
    <subfield code="d">&#x41C;&#x43E;&#x441;&#x43A;&#x432;&#x430;</subfield>
  </datafield>
  <datafield tag="702" ind1=" " ind2="1">
    <subfield code="4">330</subfield>
    <subfield code="7">ca</subfield>
    <subfield code="8">rus</subfield>
    <subfield code="a">&#x411;&#x430;&#x440;&#x441;&#x43E;&#x432;</subfield>
    <subfield code="b">&#x410;. &#x410;.</subfield>
    <subfield code="f">1730-1791</subfield>
    <subfield code="g">&#x410;&#x43D;&#x442;&#x43E;&#x43D; &#x410;&#x43B;&#x435;&#x43A;&#x441;&#x435;&#x435;&#x432;&#x438;&#x447;</subfield>
    <subfield code="9">158975</subfield>
    <subfield code="3">RU\NLR\AUTH\770159016</subfield>
  </datafield>
  <datafield tag="702" ind1=" " ind2="1">
    <subfield code="4">610</subfield>
    <subfield code="7">ca</subfield>
    <subfield code="8">rus</subfield>
    <subfield code="a">&#x41A;&#x43B;&#x430;&#x443;&#x434;&#x438;&#x439;</subfield>
    <subfield code="b">&#x425;.&#x410;.</subfield>
    <subfield code="f">-1805</subfield>
    <subfield code="g">&#x425;&#x440;&#x438;&#x441;&#x442;&#x43E;&#x444;&#x43E;&#x440; &#x410;&#x43B;&#x435;&#x43A;&#x441;&#x430;&#x43D;&#x434;&#x440;&#x43E;&#x432;&#x438;&#x447;</subfield>
    <subfield code="9">232381</subfield>
    <subfield code="3">RU\NLR\AUTH\770232437</subfield>
  </datafield>
  <datafield tag="702" ind1=" " ind2="1">
    <subfield code="4">390</subfield>
    <subfield code="8">rus</subfield>
    <subfield code="7">ca</subfield>
    <subfield code="a">&#x41D;&#x435;&#x443;&#x441;&#x442;&#x440;&#x43E;&#x435;&#x432;</subfield>
    <subfield code="b">&#x410;. &#x41D;.</subfield>
    <subfield code="f">1825-1902</subfield>
    <subfield code="g">&#x410;&#x43B;&#x435;&#x43A;&#x441;&#x430;&#x43D;&#x434;&#x440; &#x41D;&#x438;&#x43A;&#x43E;&#x43B;&#x430;&#x435;&#x432;&#x438;&#x447;</subfield>
    <subfield code="3">RU\NLR\AUTH\77108756</subfield>
    <subfield code="9">91681</subfield>
  </datafield>
  <datafield tag="702" ind1=" " ind2="1">
    <subfield code="a">&#x414;&#x44C;&#x44F;&#x43A;&#x43E;&#x43D;&#x43E;&#x432;</subfield>
    <subfield code="b">&#x41F;.</subfield>
    <subfield code="g">&#x41F;&#x430;&#x432;&#x435;&#x43B;</subfield>
    <subfield code="5">NLR: 18.78.6.9</subfield>
    <subfield code="4">390</subfield>
  </datafield>
  <datafield tag="702" ind1=" " ind2="1">
    <subfield code="4">390</subfield>
    <subfield code="8">rus</subfield>
    <subfield code="7">ca</subfield>
    <subfield code="a">&#x412;&#x438;&#x442;&#x431;&#x435;&#x440;&#x433;</subfield>
    <subfield code="b">&#x424;. &#x410;.</subfield>
    <subfield code="f">1846-1919</subfield>
    <subfield code="g">&#x424;&#x435;&#x434;&#x43E;&#x440; &#x410;&#x43B;&#x435;&#x43A;&#x441;&#x430;&#x43D;&#x434;&#x440;&#x43E;&#x432;&#x438;&#x447;</subfield>
    <subfield code="3">RU\NLR\AUTH\7789451</subfield>
    <subfield code="9">72379</subfield>
  </datafield>
  <datafield tag="712" ind1="0" ind2="0">
    <subfield code="4">610</subfield>
    <subfield code="a">&#x41A;&#x43B;&#x430;&#x443;&#x434;&#x438;&#x439;,</subfield>
    <subfield code="c">&#x41C;&#x43E;&#x441;&#x43A;&#x432;&#x430;</subfield>
    <subfield code="g">&#x425;. &#x410;.,</subfield>
    <subfield code="h">&#x442;&#x438;&#x43F;&#x43E;&#x433;&#x440;&#x430;&#x444;&#x438;&#x44F; &#x43F;&#x440;&#x438; &#x422;&#x435;&#x430;&#x442;&#x440;&#x435;</subfield>
    <subfield code="9">515361</subfield>
    <subfield code="3">RU\NLR\AUTH\880425419</subfield>
  </datafield>
  <datafield tag="801" ind1=" " ind2="0">
    <subfield code="a">RU</subfield>
    <subfield code="b">NLR</subfield>
    <subfield code="c">19980514</subfield>
  </datafield>
  <datafield tag="852" ind1=" " ind2=" ">
    <subfield code="a">NLR</subfield>
    <subfield code="j">18.78.6.9</subfield>
  </datafield>
  <datafield tag="856" ind1=" " ind2="0">
    <subfield code="u">https://vivaldi.nlr.ru/bx700003271/view</subfield>
  </datafield>
  <datafield tag="856" ind1=" " ind2="1">
    <subfield code="u">https://vivaldi.nlr.ru/bx700003271/cover</subfield>
  </datafield>
  <datafield tag="856" ind1=" " ind2="2">
    <subfield code="u">https://vivaldi.nlr.ru/bx700003271/text</subfield>
  </datafield>
  <datafield tag="899" ind1=" " ind2=" ">
    <subfield code="a">&#x411;&#x410;&#x41D;</subfield>
  </datafield>
  <datafield tag="899" ind1=" " ind2=" ">
    <subfield code="a">&#x413;&#x41F;&#x418;&#x411;</subfield>
  </datafield>
  <datafield tag="899" ind1=" " ind2=" ">
    <subfield code="a">&#x41A;&#x438;&#x440;&#x41E;&#x423;&#x41D;&#x411;</subfield>
  </datafield>
  <datafield tag="899" ind1=" " ind2=" ">
    <subfield code="a">&#x424;&#x411; &#x420;&#x413;&#x41F;&#x423;</subfield>
  </datafield>
  <datafield tag="942" ind1=" " ind2=" ">
    <subfield code="c">BOOK</subfield>
  </datafield>
  <datafield tag="980" ind1=" " ind2=" ">
    <subfield code="a">NB</subfield>
  </datafield>
  <datafield tag="980" ind1=" " ind2=" ">
    <subfield code="a">A1XVIIIv</subfield>
  </datafield>
  <datafield tag="980" ind1="3" ind2=" ">
    <subfield code="a">kp2023</subfield>
  </datafield>
  <datafield tag="980" ind1="3" ind2=" ">
    <subfield code="a">kp</subfield>
  </datafield>
  <datafield tag="981" ind1="2" ind2="2">
    <subfield code="a">(22) &#x41C;&#x430;&#x442;&#x435;&#x440;&#x438;&#x430;&#x43B;&#x44B; &#x43F;&#x43E; &#x438;&#x441;&#x442;&#x43E;&#x440;&#x438;&#x438; &#x420;&#x43E;&#x441;&#x441;&#x438;&#x438;</subfield>
    <subfield code="b">(22) &#x41A;&#x443;&#x43B;&#x44C;&#x442;&#x443;&#x440;&#x430;. &#x41D;&#x430;&#x443;&#x43A;&#x430;. &#x41F;&#x440;&#x43E;&#x441;&#x432;&#x435;&#x449;&#x435;&#x43D;&#x438;&#x435;.</subfield>
  </datafield>
  <datafield tag="981" ind1="2" ind2="0">
    <subfield code="a">(20) &#x41A;&#x43D;&#x438;&#x436;&#x43D;&#x44B;&#x435; &#x43F;&#x430;&#x43C;&#x44F;&#x442;&#x43D;&#x438;&#x43A;&#x438; &#x420;&#x41D;&#x411;</subfield>
    <subfield code="b">(20) &#x420;&#x443;&#x441;&#x441;&#x43A;&#x438;&#x439; &#x43A;&#x43D;&#x438;&#x436;&#x43D;&#x44B;&#x439; &#x444;&#x43E;&#x43D;&#x434;</subfield>
  </datafield>
  <datafield tag="995" ind1=" " ind2=" ">
    <subfield code="5">2016-05-13</subfield>
    <subfield code="b">NLR02</subfield>
    <subfield code="c">NLR02</subfield>
    <subfield code="e">RFS</subfield>
    <subfield code="f">9673256-10</subfield>
    <subfield code="k">18.78.6.9</subfield>
    <subfield code="o">0</subfield>
    <subfield code="r">BOOK</subfield>
    <subfield code="s">187869_</subfield>
  </datafield>
</record>
